000 00906cab a22002055a 4500
001 L152202
008 110210e20110121xxk 000 0 eng d
035 _a(Sirsi) u152202
041 0 _aeng
100 1 _aPhillips, Mike
245 0 0 _aPublic sector cuts knock confidence levels
260 _c2011
490 0 _aProperty Week
_v77(3) 21 January 2011, 21-22(2)
520 _aLloyds Bank's latest commercial property confidence monitor shows public sector cuts depressing confidence levels. Fund managers however are significantly less negative in their market outlook than in the previous quarter with only 40% expecting the market to slow down in the next three to six months.
590 _aKA
651 4 _aUnited Kingdom
_y
690 _aPROPERTY-COMMERCIAL PROPERTY-COMMERCIAL PROPERTY MARKET
690 _aPROPERTY-COMMERCIAL PROPERTY-COMMERCIAL PROPERTY FINANCE AND INVESTMENT
942 _n0
999 _c82911
_d82911